1265 1940 1088 1201 1522 1116 1410 1123 1626 1309 1090 1979 1857 1644 1865 1917 1737 1698 1180 1810 1018 1636 1955 1433 1287 1647 1209 1236 1201 1017 1847 1196 1789 1410 1793 1672 1145 1240 1067 1681 1416 1732 1953 1692 1849 1220 1642 1279 1309 1400 1909 1915 1380 1153 1829 1802 1161 1870 1501 1268 1269 1044 1904 1342 1012 1315 1814 1975 1384 1641 1962 1457 1975 1236 1888 1825 1992 1068 1192 1108 1152 1126 1653 1160 1227 1250 1243 1311 1033 1693 1052 1079 1386 1940 1558 1784 1472 1678 1009 BCNSPRNW ULIB Ver.6.0+V

เปลี่ยนเป็นภาษาไทย

Change to English
 แสดงรายละเอียดบรรณานุกรม
  กลับหน้าหลัก

Brief Record : Get Marc (ISO 2709) : E-mail record : QR code < ปิดหน้าต่าง
LEADER : 00000nam 2200000uu 4500
001    13399121432
003     ULIB
008    110609s2546 th 000 p tha d
020    ^a9789749169711 (ชุด 1)
020    ^a9789749169711 (ชุด 2)
090  4 ^aรส.^bม686ร ล.1-2 2546
245 00 ^aบทกวีคัดสรร /^cมูลนิธิสถาบันวิชาการ 14 ตุลา
250    ^aพิมพ์ครั้งที่ 1
260    ^aกรุงเทพฯ :^bมูลนิธิสถาบันวิชาการ 14 ตุลา,^c2546
300    ^a2 เล่ม ;^c21 ซม.
490 0  ^aหนังสือชุด''ตุลาวรรณกรรม''
500    ^aฉลองครบรอบ 30 ปี 14 ตุลา : 2516-2546 ร่วมวาระประวัติศาสตร์''''วัน 14 ตุลา ประชาธิปไตย''''
650  4 ^aกวีนิพนธ์ไทย
650  4 ^aกวีนิพนธ์ไทย^xแง่สังคม
710 2  ^aมูลนิธิสถาบันวิชาการ 14 ตุลา
945    ^p0^l0^i14372
995    ^aกัณชพร
999    ^aกัณชพร
รายการนี้ยังไม่มีแท็ก
คุณยังไม่ได้ล็อกอิน คุณสามารถมีกิจกรรมร่วมกับเว็บไซต์ได้ แต่ต้องล็อกอินก่อน ::
  ล็อกอิน

รายการสื่อสารสนเทศ

ลำดับที่ ประเภท เลขเรียก/บาร์โค้ด สถานที่ สถานะ
1. นวนิยาย
นวนิยาย
รส. ม686ร ล.1-2 2546  
  Barcode: 14372
ห้องสมุดวิทยาเขตสวรรค์ประชารักษ์
►นวนิยาย
บนชั้น
  ขอยืม

รายการใกล้เคียง
    หัวเรื่อง [กวีนิพนธ์ไทย]

BibComment


ยังไม่เคยถูกคอมเมนท์

คอมเมนท์ทรัพยากรรายการนี้
  คอมเมนท์: บทกวีคัดสรร มูล..


 Copyright 2026. Bcnsprnw @Library